A seat at the table for non-disaster organizations (Record no. 76405)

000 -LEADER
fixed length control field 00404pab a2200169 454500
008 - FIXED-LENGTH DATA ELEMENTS--GENERAL INFORMATION
fixed length control field 180718b2007 xxu||||| |||| 00| 0 eng d
100 ## - MAIN ENTRY--PERSONAL NAME
Personal name Robinson, Scott E.
245 ## - TITLE STATEMENT
Title A seat at the table for non-disaster organizations
260 ## - PUBLICATION, DISTRIBUTION, ETC.
Date of publication, distribution, etc. 2007
300 ## - PHYSICAL DESCRIPTION
Extent p.4-7.
362 ## - DATES OF PUBLICATION AND/OR SEQUENTIAL DESIGNATION
Dates of publication and/or sequential designation Fall
650 ## - SUBJECT ADDED ENTRY--TOPICAL TERM
Topical term or geographic name entry element Disasters
700 ## - ADDED ENTRY--PERSONAL NAME
Personal name Gerber, Brian J.
773 ## - HOST ITEM ENTRY
Main entry heading Public Manager
908 ## - PUT COMMAND PARAMETER (RLIN)
Put command parameter N
909 ## -
-- 76405
Holdings
Withdrawn status Lost status Damaged status Not for loan Permanent Location Current Location Date acquired Serial Enumeration / chronology Barcode Date last seen Price effective from Koha item type
        Indian Institute of Public Administration Indian Institute of Public Administration 2018-07-19 Volume no: 36, Issue no: 3 AR76865 2018-07-19 2018-07-19 Articles

Powered by Koha